| 000 | 01326cam a2200397 4500 | ||
|---|---|---|---|
| 999 |
_c24138 _d24138 |
||
| 001 | vtls012072137 | ||
| 005 | 20260218100259.0 | ||
| 008 | 211007s2021 xo gr 010 f slo | ||
| 020 |
_a9788022212342 _q(viazané) |
||
| 040 |
_aGAGK _bslo _cGAGK _dSNK _erda |
||
| 041 | 1 |
_aslo _heng |
|
| 044 |
_axo _cSK |
||
| 072 | 7 |
_a821.111(73)-3 _xAmerická próza _2konspekt |
|
| 080 |
_a821.111(73)-31 _22011 |
||
| 080 |
_a(0:82-311.6) _22011 |
||
| 080 |
_a316.3(0:82-31) _22011 |
||
| 100 | 1 |
_aFox, Lauren _4aut _95410 |
|
| 240 | 1 | 0 |
_aSend for Me _lSlovensky |
| 245 | 1 | 0 |
_aPošli po mňa _cLauren Foxová ; z anglického originálu ... preložila Zuzana Gáliková |
| 250 | _aVydanie I. | ||
| 264 | 1 |
_aBratislava _bTatran _c2021 |
|
| 300 |
_a239 strán _c22 cm |
||
| 336 |
_atext _btxt _2rdacontent |
||
| 337 |
_abez média _bn _2rdamedia |
||
| 338 |
_azväzok _bnc _2rdacarrier |
||
| 500 | _aObsahuje biografické údaje o autorke na záložke prebalu publikácie | ||
| 655 | 7 |
_aamerické romány _2SNKPH _92 |
|
| 655 | 7 |
_aAmerican novels _2SNKPHeng _91670 |
|
| 655 | 7 |
_ahistorické romány _2SNKPH _91688 |
|
| 655 | 7 |
_aHistorical novels _2SNKPHeng _91689 |
|
| 655 | 7 |
_aspoločenské romány _2SNKPH _912 |
|
| 655 | 7 |
_aSociety novels _2SNKPHeng _93645 |
|
| 700 | 1 |
_aGáliková, Zuzana _4trl _95411 |
|
| 958 | _aLX | ||
| 958 | _aUP | ||